Population genetics of forest trees : (Record no. 32710)

MARC details
000 -LEADER
fixed length control field 01528pam a2200325 a 4500
001 - CONTROL NUMBER
control field 3922960
003 - CONTROL NUMBER IDENTIFIER
control field OSt
005 - DATE AND TIME OF LATEST TRANSACTION
control field 20220314085732.0
008 - FIXED-LENGTH DATA ELEMENTS--GENERAL INFORMATION
fixed length control field 920513s1992 ne a 100 0 eng
010 ## - LIBRARY OF CONGRESS CONTROL NUMBER
LC control number 92018860
020 ## - INTERNATIONAL STANDARD BOOK NUMBER
International Standard Book Number 0792318579 (alk. paper)
040 ## - CATALOGING SOURCE
Original cataloging agency DLC
Transcribing agency HU
Modifying agency DLC
050 00 - LIBRARY OF CONGRESS CALL NUMBER
Classification number SD399.5
Item number .I56 1990
082 00 - DEWEY DECIMAL CLASSIFICATION NUMBER
Classification number 634.99/56 POP
Edition number 20
111 2# - MAIN ENTRY--MEETING NAME
Meeting name or jurisdiction name as entry element International Symposium on Population Genetics of Forest Trees
Date of meeting or treaty signing (1990 :
Location of meeting Corvallis, Or.)
9 (RLIN) 32851
245 10 - TITLE STATEMENT
Title Population genetics of forest trees :
Remainder of title proceedings of the International Symposium on Population Genetics of Forest Trees, Corvallis, Oregon, U.S.A., July 31-August 2, 1990 /
Statement of responsibility, etc. edited by W.T. Adams ... [et al.].
260 ## - PUBLICATION, DISTRIBUTION, ETC.
Place of publication, distribution, etc. Dordrecht ;
-- Boston :
Name of publisher, distributor, etc. Kluwer Academic Publishers,
Date of publication, distribution, etc. 1992.
300 ## - PHYSICAL DESCRIPTION
Extent 420 p. :
Other physical details ill. ;
Dimensions 25 cm.
440 #0 - SERIES STATEMENT/ADDED ENTRY--TITLE
Title Forestry sciences ;
Volume/sequential designation v. 42
9 (RLIN) 4502
504 ## - BIBLIOGRAPHY, ETC. NOTE
Bibliography, etc. note Includes bibliographical references.
650 #0 - SUBJECT ADDED ENTRY--TOPICAL TERM
Topical term or geographic name entry element Forest genetics
General subdivision Congresses.
9 (RLIN) 27288
650 #0 - SUBJECT ADDED ENTRY--TOPICAL TERM
Topical term or geographic name entry element Plant population genetics
General subdivision Congresses.
9 (RLIN) 32852
650 #0 - SUBJECT ADDED ENTRY--TOPICAL TERM
Topical term or geographic name entry element Biochemical markers
General subdivision Congresses.
9 (RLIN) 32853
700 1# - ADDED ENTRY--PERSONAL NAME
Personal name Adams, W. T.
9 (RLIN) 32854
856 41 - ELECTRONIC LOCATION AND ACCESS
Materials specified Table of contents only
Uniform Resource Identifier <a href="http://www.loc.gov/catdir/enhancements/fy0821/92018860-t.html">http://www.loc.gov/catdir/enhancements/fy0821/92018860-t.html</a>
856 42 - ELECTRONIC LOCATION AND ACCESS
Materials specified Publisher description
Uniform Resource Identifier <a href="http://www.loc.gov/catdir/enhancements/fy0821/92018860-d.html">http://www.loc.gov/catdir/enhancements/fy0821/92018860-d.html</a>
906 ## - LOCAL DATA ELEMENT F, LDF (RLIN)
a 7
b cbc
c orignew
d 1
e ocip
f 19
g y-gencatlg
942 ## - ADDED ENTRY ELEMENTS (KOHA)
Source of classification or shelving scheme Dewey Decimal Classification
Koha item type Books like text book referance book
Suppress in OPAC No
Holdings
Withdrawn status Lost status Source of classification or shelving scheme Damaged status Not for loan Collection code Home library Current library Shelving location Date acquired Total Checkouts Full call number Barcode Date last seen Copy number Price effective from Koha item type
    Dewey Decimal Classification     Non-fiction Wondo Genet Library Wondo Genet Library General Stacks 03/14/2022   634.99/56 POP WGCFNRL00013362 03/14/2022 1 03/14/2022 Books like text book referance book